Statistics for #1 Songs of 2015

Click here to take the quiz!

General Stats

  • This quiz has been taken 54 times
  • The average score is 6 of 9

Answer Stats

ArtistTitle% Correct
AdeleHello
85%
Mark RonsonUptown Funk!
85%
OMICheerleader
76%
Wiz KhalifaSee You Again
76%
The WeekndCan't Feel My Face
67%
Taylor SwiftBlank Space
65%
Taylor SwiftBad Blood
57%
The WeekndThe Hills
52%
Justin BieberWhat Do You Mean?
48%

Score Distribution

Percentile by Number Answered

Percent of People with Each Score

Your Score History

You have not taken this quiz